000 00490nam a22001937a 4500
003 MPLRDC
005 20220104191057.0
008 210129b ||||| |||| 00| 0 eng d
020 _a978-986-6340-72-7
082 _a177 MZ
100 _a牧之、伟伟
245 _a笑话中的心理学
_c
250 _a一版
260 _a台湾
_b海鸽文化出版图书有限公司
_c2011
300 _b
490 _a成功讲座: 246
650 _a应用心理学
942 _cBK
_o177 MZ
999 _c64085
_d64075